00598nam a22001457a 4500040000900000082001700009100002500026245005800051260004200109650005800151942001200209999001900221952010600240952010600346 cNUST a620.118bCOM aC.E.Browning9125040 aComposite Materials: Quality Assurance And Processing aAmerica:bLibrary of Congress,c1983. 2Composite Materials: Quality Assurance And Processing 2ddccBK c610806d610806 00102ddc4070aCEMEbCEMEcGENd2024-08-06l0o620.118 COMpCEME- 37392r2024-08-06w2024-08-06yBK 00102ddc4070aCEMEbCEMEcGENd2024-08-06l0o620.118 COMpCEME- 37393r2024-08-06w2024-08-06yBK